1385 1814 1398 1180 1569 1116 1161 1785 1133 1443 1114 1329 1983 1783 1342 1821 1535 1390 1377 1669 1274 1365 1136 1716 1447 1708 1247 1256 1396 1814 1724 1466 1270 1193 1427 1594 1647 1135 1108 1051 1010 1117 1796 1487 1414 1931 1936 1397 1253 1853 1453 1381 1406 1882 1368 1069 1693 1636 1561 1681 1423 1112 1008 1564 1100 1943 1864 1653 1841 1784 1468 1587 1040 1650 1346 1575 1943 1127 1196 1213 1107 1851 1480 1240 1037 1529 1878 1667 1340 1519 1647 1454 1781 1541 1272 1274 1911 1350 1628 BCNSPRNW ULIB Ver.6.0+V

เปลี่ยนเป็นภาษาไทย

Change to English
 แสดงรายละเอียดบรรณานุกรม
  กลับหน้าหลัก

Brief Record : Get Marc (ISO 2709) : E-mail record : QR code < ปิดหน้าต่าง
LEADER : 00000nam 2200000uu 4500
001    13399125630
003     ULIB
008    170712s2559||||th 000 0 tha d
020    ^a9786160827091
060  0  ^aQV615^bม122ส
100  0  ^aมณฑา ลิมปิยประพันธ์.
245  1  ^aสมุนไพรลดความดัน /^cมณฑา ลิมปิยประพันธ์.
250    ^aพิมพ์ครั้งที่ 1.
260    ^aกรุงเทพฯ :^bซีเอ็ดยูเคชั่น,^c2559.
300    ^a177 หน้า :^bภาพประกอบ ;^c17 ซม.
650    7 ^aพืชสมุนไพร^xการใช้รักษา.
650    7 ^aการรักษาด้วนสมุนไพร.
650    7 ^aความดันเลือดสูง.
945    ^p170^l0^i002606
945    ^p170^l0^i002607
999    ^aประนอม เกษจรัล
รายการนี้ยังไม่มีแท็ก
คุณยังไม่ได้ล็อกอิน คุณสามารถมีกิจกรรมร่วมกับเว็บไซต์ได้ แต่ต้องล็อกอินก่อน ::
  ล็อกอิน

รายการสื่อสารสนเทศ

ลำดับที่ ประเภท เลขเรียก/บาร์โค้ด สถานที่ สถานะ
1. วิทยาศาสตร์การแพทย์ และสุขภาพ
วิทยาศาสตร์การแพทย์ และสุขภาพ
QV615 ม122ส ฉ.1 
  Barcode: 002606
ห้องสมุดวิทยาเขตนครสวรรค์
►นวนิยาย:l:Fiction
บนชั้น
2. วิทยาศาสตร์การแพทย์ และสุขภาพ
วิทยาศาสตร์การแพทย์ และสุขภาพ
QV615 ม122ส ฉ.2 
  Barcode: 002607
ห้องสมุดวิทยาเขตนครสวรรค์
►นวนิยาย:l:Fiction
บนชั้น

รายการใกล้เคียง
    ผู้แต่ง [มณฑา ลิมปิยประพันธ์.]

    หัวเรื่อง [7 การรักษาด้วนสมุนไพร.]
    หัวเรื่อง [7 ความดันเลือดสูง.]

BibComment


ยังไม่เคยถูกคอมเมนท์

คอมเมนท์ทรัพยากรรายการนี้
  คอมเมนท์: สมุนไพรลดความดั..


 Copyright 2026. Bcnsprnw @Library